000 00600nam a2200241Ia 4500
003 OSt
005 20220918174050.0
006 a|||||r|||| 00| 0
007 ta
008 220917b |||||||| |||| 00| 0 eng d
024 _a10,283
037 _cTextual
040 _aARTS
_cARTS
_beng
041 _2eng
_aeng
082 _aR1, L7
100 _aLinsky Leonard
_948993
245 0 _aNames and description
260 _aCahicago
_bunvi Of chicago
_c1977
300 _axxi,184p.
_ccm.
650 _aLOGIC
942 _hR1, L7
_cTEXL
_2CC
999 _c151657
_d151657